| 000 | 00359nam a22001457a 4500 | ||
|---|---|---|---|
| 008 | 230316b ||||| |||| 00| 0 eng d | ||
| 020 | _a9780781740906 | ||
| 041 | _aeng | ||
| 080 |
_2NINTH EDITION _a616.31 |
||
| 082 | _a616.31WIL | ||
| 100 | _a12 | ||
| 101 | _aSTOMAT | ||
| 245 |
_aCLINICAL PRACTICE OF THE DENTAL HYGIENIST _cWILKINS.M.E |
||
| 942 |
_2udc _cBK |
||
| 999 |
_c59363 _d59363 |
||